000
00234nam a2200109Ia 4500
008
200302s9999 xx 000 0 und d
100
_a
Shijing
245
_a
Stone in Landscape
260
_b
XS &TPH
260
_c
2005
300
_a
187 P.,
999
_c
3938
_d
3938